000 00438nam a2200193Ia 4500
005 20240823041453.0
008 240823s9999||||xx |||||||||||||| ||und||
020 _a81-8316-110-7
041 _aENGLISH
082 _A509.954 Q0
100 _aSarma O A
245 0 _aWorlds Super Scientists
250 _a1st
260 _c2010
_bNeelkamal Publica
500 _aYES
650 _aGeneral
_bGeneral
942 _cBK
999 _c205577
_d205577